| 000 | 00735cab a2200229 4500 | ||
|---|---|---|---|
| 001 | ABS52638 | ||
| 008 | 090401t1995 xxu||||| |||| 00| 0 eng d | ||
| 035 | _a(Sirsi) u87931 | ||
| 041 | _aeng | ||
| 100 | _aSingmaster, D. | ||
| 245 | _aCanalside site develops into Birmingham`s new West End | ||
| 260 | _c1995 | ||
| 350 | _a0 | ||
| 490 |
_aArchitects` Journal _v201(12) 23 March 1995, 24-26(3) |
||
| 520 | _aDescribes the redevelopment scheme at Brindleyplace which is reintegrating part of Birmingham`s semi-derelict canal area with the near-by city centre. | ||
| 650 | _aBIRMINGHAM | ||
| 650 | _aBRINDLEYPLACE | ||
| 690 | _aPROPERTY-PROPERTY DEVELOPMENT | ||
| 690 | _aURBAN RENEWAL | ||
| 942 | _n0 | ||
| 948 | _c04/03/1997 | ||
| 999 |
_c55493 _d55493 |
||